[Event "Sachsen-Anhalt Landesliga-B 1920"]
[Site "Sachsen Anhalt"]
[Date "2019.10.20"]
[Round "2.7"]
[White "Glaeser, Tobias"]
[Black "Wessely, Michael"]
[Result "0-1"]
[WhiteElo "1651"]
[BlackElo "1690"]
[PlyCount "82"]
[EventDate "2019.09.29"]
[EventType "team-tourn"]
[EventRounds "9"]
[EventCountry "GER"]
[SourceTitle "EXT 2023"]
[Source "ChessBase"]
[SourceDate "2022.10.05"]
[SourceVersion "1"]
[SourceVersionDate "2022.10.05"]
[SourceQuality "1"]
[WhiteTeam "Granschuetz Gruen Weiss"]
[BlackTeam "Coethen Germania II"]
[WhiteTeamCountry "GER"]
[BlackTeamCountry "GER"]

1. e4 e5 2. Nf3 Nc6 3. Bb5 a6 4. Ba4 Nf6 5. 0-0 Be7 6. d3 b5 7. Bb3 d6 8. c3 0-0 9. Re1 Na5 10. Bc2 c5 11. Nbd2 Nc6 12. Nf1 Re8 13. Ng3 Bf8 14. a4 Bb7 15. Bg5 h6 16. Bd2 Ne7 17. d4 Ng6 18. d5 Qb8 19. b4 c4 20. a5 Bc8 21. Rf1 Bg4 22. h3 Bd7 23. Be3 Qc8 24. Kh2 Nf4 25. Ng1 g6 26. Qd2 g5 27. Rae1 Be7 28. f3 Kg7 29. Nf5+ Bxf5 30. exf5 N6xd5 31. Be4 Nxe3 32. Qxe3 Rb8 33. Ne2 d5 34. Bb1 Nxe2 35. Rxe2 f6 36. Rd1 d4 37. cxd4 exd4 38. Qxd4 Bd6+ 39. Qxd6 Rxe2 40. Qd4 Qc7+ 41. Kh1 Rbe8 0-1